| 000 | 00724cam a2200253 4500500 | ||
|---|---|---|---|
| 005 | 20260405003711.0 | ||
| 041 | _afre | ||
| 042 | _adc | ||
| 100 | 1 | 0 |
_aMorel, François _eauthor |
| 245 | 0 | 0 | _aConseil n° 28 : révisons “Le Petit Chaperon rouge” |
| 260 | _c2023. | ||
| 500 | _a72 | ||
| 690 | _aCancel Culture | ||
| 690 | _aConte | ||
| 690 | _aDiscrimination | ||
| 690 | _aFrançois Morel | ||
| 690 | _aHumour | ||
| 690 | _aLoup | ||
| 690 | _aRévisionnisme | ||
| 690 | _aRire | ||
| 690 | _aSexisme | ||
| 786 | 0 | _nPhilosophie magazine | 169 | 5 | 2023-05-01 | p. 76-76 | 1951-1787 | |
| 856 | 4 | 1 | _uhttps://shs.cairn.info/magazine-philosophie-magazine-2023-5-page-76?lang=fr&redirect-ssocas=7080 |
| 999 |
_c2069982 _d2069982 |
||